[Event "Campeonato Individual de Bizkaia - Cat Preferente - 2018 "]
[Site "Bilbao"]
[Date "2018.11.24"]
[Round "6"]
[Board "8"]
[White "Mendez Nunez, Jose Antonio"]
[Black "Martinez De Soria Gordon, Jose Manuel"]
[Result "1/2-1/2"]
[WhiteElo "1731"]
[BlackElo "1913"]
[PlyCount "0"]
[EventDate "2018.10.20"]
[EventRounds "6"]
[EventCountry "ESP"]

1.e4 c6 2.c4 d5 3.cxd5 cxd5 4.exd5 Nf6 5.Nf3 Nxd5 6.d4 e6 7.Bc4 Bb4+ 8.
Nbd2 Nc6 9.O-O O-O 10.Ne4 h6 11.a3 Be7 12.b4 a6 13.Bb2 b5 14.Ba2 a5 15.Qc2
Bd7 16.Bb1 f5 17.Nc5 axb4 18.Nxe6 Bxe6 19.Qxc6 Qc8 20.Qxc8 Rfxc8 21.axb4 
Rxa1 22.Bxa1 Bxb4 23.Bd3 Bd7 24.Ne5 Nf4 25.Nxd7 Nxd3 26.g3 Bc3 27.Nb6 Rc6 
28.Nd5 Bb4 29.Nxb4 Nxb4 30.h4 Kf7 31.Kg2 Nd5 32.Re1 g6 33.Re5 Rd6 34.Bb2 
b4 35.h5 f4 36.hxg6+ Kxg6 37.Re8 fxg3 38.Kxg3 Kf7 39.Rb8 Rg6+ 40.Kf3 Ke6 
41.Ke4 Rg4+ 42.Kd3 h5 43.Rh8 Nf4+ 44.Kc4 Rg2 45.Kxb4 Rxf2 46.Ba3 Kd5 47.
Rd8+ Ke4 48.Re8+ Kxd4 49.Kb5 Rc2 50.Rd8+ Ke4 51.Re8+ Kf3 52.Bd6 Ne2 53.
Rf8+ Kg4 54.Rg8+ Kh3 55.Rh8 h4 56.Be7 Nd4+ 57.Kb4 Nf5 58.Bd8 Kg4 59.Rf8 
Kf4 60.Rxf5+ Kxf5 61.Bxh4  1/2-1/2

[Event "Campeonato Individual de Bizkaia - Cat Preferente - 2018 "]
[Site "Bilbao"]
[Date "2018.11.24"]
[Round "6"]
[Board "9"]
[White "Eiguren Martinez, Kepa"]
[Black "Leniz Markes, Inaki"]
[Result "1/2-1/2"]
[WhiteElo "844"]
[BlackElo "1931"]
[PlyCount "0"]
[EventDate "2018.10.20"]
[EventRounds "6"]
[EventCountry "ESP"]

1.d4 d6 2.e4 Nf6 3.Nc3 e5 4.dxe5 dxe5 5.Qxd8+ Kxd8 6.Bc4 Bb4 7.Bd2 Ke7 8.
Nf3 Nbd7 9.O-O-O Bc5 10.Bg5 c6 11.Bh4 b5 12.Bb3 a5 13.a4 b4 14.Ne2 h6 15.
Nd2 Ba6 16.Bc4 Bxc4 17.Nxc4 g5 18.Bg3 Nxe4 19.f3 Nxg3 20.Nxg3 Ke6 21.h4 
Nb6 22.Ne4 Nxc4 23.Nxc5+ Kf6  1/2-1/2